Guess these random Kpop idols #2 - Statistics

General Stats
  • This quiz has been taken 373 times
  • The average score is 8 of 17
Answer Stats
Picture Answer % Correct
Minnie - Gidle
87%
Dahyun - Twice
81%
Sunghoon - Enhypen
81%
Kazhua - Le Sserafim
70%
Liz - IVE
67%
Mingi - Ateez
60%
Wonwoo - Seventeen
56%
Yeri - Red Velvet
48%
Hikaru - Kep1er
39%
Wheein - Mamamoo
38%
Renjun - NCT Dream
35%
Dami - Dreamcatcher
34%
Jiwoo - Kard
34%
Onda - Everglow
20%
Jisun - Fromis_9
9%
Sullyhoon - Nmixx
3%
Donghyun - Golden Child
1%
No matching quizzes found
Score Distribution
Percent of People with Each Score
Percentile by Number Answered
Your Score History
You have not taken this quiz